Mapas conceptuales: una técnica para aprender
Saved in:
| Main Authors: | , , , , , , , |
|---|---|
| Format: | Bog |
| Sprog: | spansk |
| Udgivet: |
Madrid
Narcea
2000
|
| Udgivelse: | 10a. ed |
| Serier: | Colección Educación Hoy
|
| Fag: | |
| Tags: |
Tilføj Tag
Ingen Tags, Vær først til at tagge denne postø!
|
MARC
| LEADER | 00000nam a2200000 a 4500 | ||
|---|---|---|---|
| 001 | UCM2389 | ||
| 003 | CL-VaPUC | ||
| 008 | 020510e20000600SP |||||||||||||||||spa|d | ||
| 082 | 0 | 4 | |a 370.1523 |b ONT |2 21 |
| 100 | |a Ontoria Peña, Antonio |e autor |9 381454 | ||
| 700 | 0 | |a Ballesteros Pastor, Ana |e author |9 469112 | |
| 700 | 0 | |a Cuevas Moyas, Carmen |e author |9 469113 | |
| 700 | 0 | |a Giraldo, L |e author |9 469114 | |
| 700 | 0 | |a Martín Buenadicha, Inmaculada |e author |9 469115 | |
| 700 | 0 | |a Molina Rubio, Ana |e author |9 469116 | |
| 700 | 0 | |a Rodríguez Tapiz, Alfonso |e author |9 469117 | |
| 700 | 0 | |a Vélez Ramírez, Ursula |e author |9 469118 | |
| 245 | 1 | 0 | |a Mapas conceptuales: una técnica para aprender |
| 250 | |a 10a. ed | ||
| 300 | |a 207 p | ||
| 942 | |c BK | ||
| 945 | |d 20020510 00:00:00 |a vberengu | ||
| 260 | |a Madrid |b Narcea |c 2000 | ||
| 650 | 0 | |a Educación |9 258661 | |
| 650 | 0 | |a Psicología del aprendizaje |9 306854 | |
| 650 | 0 | |a Aprendizaje |9 254827 | |
| 650 | 0 | |a Cognición |9 270347 | |
| 650 | 0 | |a Métodos de enseñanza |9 270413 | |
| 583 | |a last modification |c 20020510 00:00:00 |k Rodrigo Vera | ||
| 490 | 0 | |a Colección Educación Hoy | |
| 999 | |c 300238 |d 300236 | ||
| 952 | |0 0 |1 0 |4 0 |6 370_152300000000000_ONT_2000 |7 0 |8 A |9 357754 |a BIBMAT |b BIBMAT |c E_DIDACT |d 2019-11-21 |i 381503K |o 370.1523 ONT 2000 |p 381503K |r 2025-01-07 |w 2019-11-21 |y BK |k MAT | ||